New Zealand national BIM survey 2012 (Record no. 114232)
[ view plain ]
| 000 -LEADER | |
|---|---|
| fixed length control field | 01529cad a22002535a 4500 |
| 001 - CONTROL NUMBER | |
| control field | L156389 |
| 008 - FIXED-LENGTH DATA ELEMENTS--GENERAL INFORMATION | |
| fixed length control field | 120516s2012 xxk f 000 0 eng d |
| 035 ## - SYSTEM CONTROL NUMBER | |
| System control number | (Sirsi) u156389 |
| 041 0# - LANGUAGE CODE | |
| Language code of text/sound track or separate title | eng |
| 110 0# - MAIN ENTRY--CORPORATE NAME | |
| Corporate name or jurisdiction name as entry element | Construction Information Ltd |
| 245 00 - TITLE STATEMENT | |
| Title | New Zealand national BIM survey 2012 |
| Medium | [electronic resource] |
| 260 ## - PUBLICATION, DISTRIBUTION, ETC. | |
| Place of publication, distribution, etc. | Auckland |
| Name of publisher, distributor, etc. | Construction Information Ltd |
| Date of publication, distribution, etc. | 2012 |
| 505 #0 - FORMATTED CONTENTS NOTE | |
| Formatted contents note | Introduction -- Executive summary -- Next steps -- BIM Survey -- CAD usage -- Building Information Modelling -- Respondents own thoughts -- Survey respondents' details -- Survey respondents' organisations -- BIM and on-line consenting -- Can new technologies revolutionise NZ's building landscape? -- Towards collaboration -- Working for the sector |
| 520 ## - SUMMARY, ETC. | |
| Summary, etc. | The on-line survey was carried out by Masterspec in association with NBS (UK) and was live between November and December 2011. The total of 524 respondents surpassed the response to an identical survey conducted in late 2010 in the UK. This indicates that the topic is both current and of real interest to the New Zealand construction industry. |
| 590 ## - LOCAL NOTE (RLIN) | |
| Local note | KA NTK |
| 650 ## - SUBJECT ADDED ENTRY--TOPICAL TERM | |
| Topical term or geographic name entry element | BUILDING INFORMATION MODELLING |
| 650 24 - SUBJECT ADDED ENTRY--TOPICAL TERM | |
| Topical term or geographic name entry element | BIM |
| 9 (RLIN) | 6219 |
| 651 #4 - SUBJECT ADDED ENTRY--GEOGRAPHIC NAME | |
| Geographic name | New Zealand |
| 651 #4 - SUBJECT ADDED ENTRY--GEOGRAPHIC NAME | |
| Geographic name | United Kingdom |
| Chronological subdivision | |
| 651 #4 - SUBJECT ADDED ENTRY--GEOGRAPHIC NAME | |
| Geographic name | International |
| 690 ## - LOCAL SUBJECT ADDED ENTRY--TOPICAL TERM (OCLC, RLIN) | |
| Topical term or geographic name as entry element | BIM |
| 9 (RLIN) | 6219 |
| 856 40 - ELECTRONIC LOCATION AND ACCESS | |
| Uniform Resource Identifier | <a href="https://www.standards.co.nz/touchstone/Issue+38/Building/New+Zealand+National+Building+Information+Modelling+Survey+2012+report+published.htm">https://www.standards.co.nz/touchstone/Issue+38/Building/New+Zealand+National+Building+Information+Modelling+Survey+2012+report+published.htm</a> |
| Public note | Download the report (pdf) at www.standards.co.nz |
| 942 ## - ADDED ENTRY ELEMENTS (KOHA) | |
| Suppress in OPAC | 0 |
| Withdrawn status | Lost status | Source of classification or shelving scheme | Damaged status | Not for loan | Home library | Current library | Shelving location | Date acquired | Total Checkouts | Full call number | Barcode | Date last seen | Copy number | Price effective from | Koha item type |
|---|---|---|---|---|---|---|---|---|---|---|---|---|---|---|---|
| Dewey Decimal Classification | Virtual | Virtual | Online | 16/05/2012 | ONLINE PUBLICATION | 156389-2001 | 06/08/2019 | 1 | 06/08/2019 | Book |